[Event "Leiden op-A 10th"]
[Site "Leiden"]
[Date "2016.07.22"]
[Round "6"]
[White "Baak, Karl"]
[Black "Van de Griend, Johan"]
[Result "1/2-1/2"]
[WhiteElo "1901"]
[BlackElo "1856"]
[PlyCount "56"]
[EventDate "2016.07.15"]
[EventType "swiss"]
[EventRounds "9"]
[EventCountry "NED"]
[SourceTitle "CBM 173 Extra"]
[Source "ChessBase"]
[SourceDate "2016.08.29"]
[SourceVersion "1"]
[SourceVersionDate "2016.08.29"]
[SourceQuality "1"]

1. d4 d5 2. Nf3 c6 3. c4 dxc4 4. a4 Bf5 5. Nbd2 Nf6 6. Nxc4 Nbd7 7. g3 e6 8. Bg2 Bb4+ 9. Bd2 Qe7 10. 0-0 0-0 11. a5 Bxd2 12. Qxd2 Rad8 13. b4 Nd5 14. Nh4 N7f6 15. Bxd5 Nxd5 16. Nxf5 exf5 17. Rfb1 a6 18. Ne5 Rfe8 19. e3 Nf6 20. Qc2 g6 21. Qc4 Kg7 22. Rb2 Nd5 23. Qf1 f6 24. Nd3 g5 25. Nc5 h5 26. Ra3 Kg6 27. Qg2 g4 28. h4 Kh6 1/2-1/2

[Event "Vlissingen HZ op 19th"]
[Site "Vlissingen"]
[Date "2015.08.01"]
[Round "1"]
[White "Ankit, R Rajpara"]
[Black "Van de Griend, Johan"]
[Result "1-0"]
[WhiteElo "2460"]
[BlackElo "1891"]
[PlyCount "47"]
[EventDate "2015.08.01"]
[EventType "swiss"]
[EventRounds "9"]
[EventCountry "NED"]
[SourceTitle "CBM 167 Extra"]
[Source "ChessBase"]
[SourceDate "2015.09.14"]
[SourceVersion "1"]
[SourceVersionDate "2015.09.14"]
[SourceQuality "1"]

1. e4 e5 2. Nf3 Nc6 3. Bc4 Nf6 4. Ng5 d5 5. exd5 Na5 6. Bb5+ c6 7. dxc6 bxc6 8. Bd3 h6 9. Ne4 Bf5 10. Qf3 Bxe4 11. Bxe4 Rc8 12. 0-0 Bd6 13. d3 Nxe4 14. dxe4 0-0 15. Nc3 Qe7 16. b3 Nb7 17. Ne2 Ba3 18. Be3 Bc5 19. Ng3 Bxe3 20. Qxe3 Nd6 21. Rfd1 f5 22. Qc5 Rfd8 23. exf5 Nxf5 24. Qc4+ 1-0

[Event "Leiden LCT op-B 09th"]
[Site "Leiden"]
[Date "2015.07.25"]
[Round "8"]
[White "Van de Griend, Johan"]
[Black "Volders, Wessel"]
[Result "1-0"]
[WhiteElo "1871"]
[BlackElo "1847"]
[PlyCount "81"]
[EventDate "2015.07.17"]
[EventType "swiss"]
[EventRounds "9"]
[EventCountry "NED"]
[SourceTitle "EXT 2023"]
[Source "ChessBase"]
[SourceDate "2022.10.05"]
[SourceVersion "1"]
[SourceVersionDate "2022.10.05"]
[SourceQuality "1"]

1. e4 c6 2. Nf3 d5 3. Nc3 Bg4 4. d4 e6 5. Be2 dxe4 6. Nxe4 Bxf3 7. Bxf3 Nf6 8. Nxf6+ Qxf6 9. 0-0 Bd6 10. c3 0-0 11. Qb3 Qe7 12. Re1 Qc7 13. g3 Nd7 14. c4 b6 15. Qa4 Rac8 16. b4 c5 17. bxc5 bxc5 18. dxc5 Nxc5 19. Qc2 h6 20. Bb2 Rb8 21. Rad1 f6 22. Ba3 Rfe8 23. Qg6 Bf8 24. Bh5 Re7 25. Bc1 Kh8 26. Bf4 e5 27. Be3 e4 28. Bf4 Qb6 29. Bxb8 Qxb8 30. Bg4 Qe8 31. Qxe8 Rxe8 32. Bf5 Re5 33. Rd5 Re8 34. Re3 g5 35. f3 Na4 36. Rxe4 Rb8 37. Re6 Bc5+ 38. Kf1 Kg7 39. Rd7+ Kg8 40. Rxf6 Rb2 41. Rc6 1-0

[Event "Leiden LCT op-B 09th"]
[Site "Leiden"]
[Date "2015.07.20"]
[Round "4"]
[White "Van de Griend, Johan"]
[Black "Stokes, Paul C"]
[Result "1-0"]
[WhiteElo "1871"]
[BlackElo "1921"]
[PlyCount "45"]
[EventDate "2015.07.17"]
[EventType "swiss"]
[EventRounds "9"]
[EventCountry "NED"]
[SourceTitle "EXT 2023"]
[Source "ChessBase"]
[SourceDate "2022.10.05"]
[SourceVersion "1"]
[SourceVersionDate "2022.10.05"]
[SourceQuality "1"]

1. d4 c6 2. Nf3 d5 3. Nc3 Bg4 4. e4 dxe4 5. Nxe4 Bxf3 6. Qxf3 Qxd4 7. Bd3 Nf6 8. c3 Qd8 9. Nxf6+ gxf6 10. 0-0 Nd7 11. Bf4 Qa5 12. b4 Qb6 13. a4 Qd8 14. Bc4 Nb6 15. Bb3 h5 16. Rad1 Qc8 17. a5 Nd7 18. Rfe1 Nb8 19. Bxb8 Rxb8 20. Qxf6 Rh7 21. Rd3 Qc7 22. Rf3 Kd8 23. Rd1+ 1-0

[Event "Maastricht Limburg op-B 8th"]
[Site "Maastricht"]
[Date "2014.06.08"]
[Round "5"]
[White "Van de Griend, Johan"]
[Black "Blijlevens, Pim"]
[Result "1-0"]
[WhiteElo "1963"]
[BlackElo "1934"]
[PlyCount "45"]
[EventDate "2014.06.06"]
[EventType "swiss"]
[EventRounds "7"]
[EventCountry "NED"]
[SourceTitle "EXT 2015"]
[Source "ChessBase"]
[SourceDate "2014.11.20"]
[SourceVersion "1"]
[SourceVersionDate "2014.11.20"]
[SourceQuality "1"]

1. e4 e6 2. d4 d5 3. Nc3 Bb4 4. Bd3 c5 5. exd5 Qxd5 6. dxc5 Qxg2 7. Qf3 Qxf3 8. Nxf3 Bxc3+ 9. bxc3 Bd7 10. Rg1 g6 11. Bf4 f6 12. Bd6 e5 13. Nxe5 Nc6 14. Nxd7 Kxd7 15. 0-0-0 Re8 16. Bc4 Kc8 17. Rge1 Rxe1 18. Rxe1 Nh6 19. Be6+ Kd8 20. Rd1 Ke8 21. Bc8 Na5 22. Bc7 Kf7 23. Rd7+ 1-0

[Event "Maastricht Limburg op-B 8th"]
[Site "Maastricht"]
[Date "2014.06.07"]
[Round "3"]
[White "Van de Griend, Johan"]
[Black "Janse, Alexander"]
[Result "1/2-1/2"]
[WhiteElo "1963"]
[BlackElo "1584"]
[PlyCount "50"]
[EventDate "2014.06.06"]
[EventType "swiss"]
[EventRounds "7"]
[EventCountry "NED"]
[SourceTitle "EXT 2015"]
[Source "ChessBase"]
[SourceDate "2014.11.20"]
[SourceVersion "1"]
[SourceVersionDate "2014.11.20"]
[SourceQuality "1"]

1. e4 c5 2. Nf3 d6 3. d4 cxd4 4. Nxd4 Nf6 5. Nc3 a6 6. Be3 e5 7. Nb3 Be6 8. Be2 Nbd7 9. 0-0 Be7 10. f4 exf4 11. Rxf4 Ne5 12. Nd5 Bxd5 13. exd5 0-0 14. c4 Nfd7 15. Rf1 Rc8 16. Rc1 Bg5 17. Qd2 Bxe3+ 18. Qxe3 b6 19. Nd4 g6 20. Rc3 Qh4 21. g3 Qe7 22. Qf4 Rc7 23. Re3 Qd8 24. Qh6 Nf6 25. Qh4 Kg7 1/2-1/2

[Event "Spijkenisse op-A 3rd"]
[Site "Spijkenisse"]
[Date "2013.10.26"]
[Round "3"]
[White "Van de Griend, Johan"]
[Black "Pilgrim, Peter"]
[Result "0-1"]
[WhiteElo "1918"]
[BlackElo "1850"]
[PlyCount "84"]
[EventDate "2013.10.25"]
[EventType "swiss"]
[EventRounds "6"]
[EventCountry "NED"]
[SourceTitle "EXT 2014"]
[Source "ChessBase"]
[SourceDate "2013.11.20"]
[SourceVersion "1"]
[SourceVersionDate "2013.11.20"]
[SourceQuality "1"]

1. e4 e6 2. d4 d5 3. Nc3 Nf6 4. Bg5 Be7 5. e5 Nfd7 6. h4 Bxg5 7. hxg5 Qxg5 8. Qd3 g6 9. Nf3 Qe7 10. 0-0-0 h6 11. Qe3 Qf8 12. Bd3 a6 13. Rde1 Nb6 14. Nd2 Nc6 15. Nb3 Bd7 16. Nc5 0-0-0 17. f4 h5 18. a3 Nb8 19. b4 Qe7 20. Qe2 Nc4 21. Bxc4 dxc4 22. Qxc4 Bc6 23. b5 axb5 24. Nxb5 Bxb5 25. Qxb5 b6 26. Nb3 Qxa3+ 27. Kb1 Rd5 28. Qe2 b5 29. Rh3 Qb4 30. Kb2 Nd7 31. c3 Qc4 32. Qxc4 bxc4 33. Nd2 Nb6 34. g4 Kd7 35. gxh5 gxh5 36. Ra1 Kc6 37. Ne4 Rdd8 38. Ng5 Nd5 39. Rf1 Ra8 40. Rg1 Nxf4 41. Rh2 Rhb8+ 42. Kc1 Nd3+ 0-1

[Event "Brasschaat op 13th"]
[Site "Brasschaat"]
[Date "2013.08.20"]
[Round "4"]
[White "Gergacz, Attila"]
[Black "Van de Griend, Johan"]
[Result "1-0"]
[WhiteElo "2370"]
[BlackElo "1959"]
[PlyCount "67"]
[EventDate "2013.08.17"]
[EventType "swiss"]
[EventRounds "9"]
[EventCountry "BEL"]
[SourceTitle "CBM 156 Extra"]
[Source "ChessBase"]
[SourceDate "2013.10.22"]
[SourceVersion "1"]
[SourceVersionDate "2013.10.22"]
[SourceQuality "1"]

1. e4 e5 2. Nf3 Nc6 3. Bc4 Nf6 4. d3 Bc5 5. c3 d6 6. 0-0 h6 7. Re1 0-0 8. Nbd2 a6 9. Bb3 Re8 10. h3 Be6 11. Nf1 Bxb3 12. axb3 d5 13. Qe2 dxe4 14. dxe4 Nh5 15. b4 Ba7 16. g4 Nf4 17. Bxf4 exf4 18. Rad1 Qe7 19. Rd5 Rad8 20. Qd2 g5 21. Qd3 Rd6 22. b5 axb5 23. Qxb5 Bb6 24. N1d2 Qd8 25. Nc4 Na7 26. Rxd6 Nxb5 27. Rxd8 Rxd8 28. Nxb6 cxb6 29. Ra1 Rd3 30. Kg2 Nd6 31. Ra8+ Kg7 32. Rd8 f6 33. Nd4 Kf7 34. Rxd6 1-0

[Event "Brasschaat op 13th"]
[Site "Brasschaat"]
[Date "2013.08.19"]
[Round "3"]
[White "De Vos, Nils"]
[Black "Van de Griend, Johan"]
[Result "0-1"]
[WhiteElo "2221"]
[BlackElo "1959"]
[PlyCount "174"]
[EventDate "2013.08.17"]
[EventType "swiss"]
[EventRounds "9"]
[EventCountry "BEL"]
[SourceTitle "CBM 156 Extra"]
[Source "ChessBase"]
[SourceDate "2013.10.22"]
[SourceVersion "1"]
[SourceVersionDate "2013.10.22"]
[SourceQuality "1"]

1. e4 e5 2. Nf3 Nc6 3. Bb5 Nf6 4. 0-0 Bc5 5. c3 0-0 6. d4 Bb6 7. d5 Nb8 8. Nbd2 d6 9. a4 a6 10. Bd3 Bg4 11. Nc4 Ba7 12. Be3 Bxe3 13. Nxe3 Nbd7 14. b4 Bh5 15. Nf5 Re8 16. Re1 Nf8 17. Ng3 Bg6 18. Qc2 c6 19. dxc6 bxc6 20. a5 Ne6 21. Qd2 Nf4 22. Bf1 Qc7 23. Rad1 Red8 24. Qb2 Rdb8 25. Qa3 Rd8 26. Ra1 d5 27. exd5 e4 28. d6 Rxd6 29. Nd4 Nd3 30. Bxd3 exd3 31. Rad1 Rd5 32. Nb3 h5 33. Nf1 Ng4 34. h3 Nf6 35. c4 Re5 36. Nc5 Rxe1 37. Rxe1 Qf4 38. Qc3 Rd8 39. Rd1 Ne4 40. Nxe4 Bxe4 41. Qd2 Qd6 42. Ne3 Rb8 43. c5 Qd4 44. Rb1 Bg6 45. Kf1 Qe5 46. Rc1 Re8 47. Kg1 Rb8 48. Rc4 Qa1+ 49. Kh2 Rd8 50. h4 Rd4 51. Kg3 Rxc4 52. Nxc4 Qd4 53. Qf4 Qc3 54. Nd2 Kh7 55. f3 Qc1 56. Kh2 Kg8 57. g4 Qe1 58. gxh5 Qe2+ 59. Kh3 Qe6+ 60. Kg2 Qe2+ 61. Kg1 Bxh5 62. b5 Qd1+ 63. Kg2 Qe2+ 64. Kg3 Qe1+ 65. Kg2 Qe2+ 66. Kg1 Qd1+ 67. Nf1 cxb5 68. c6 Qxf3 69. Qxf3 Bxf3 70. c7 Bb7 71. Kf2 Kf8 72. Ne3 Ke8 73. Nf5 Kd7 74. Nxg7 Kxc7 75. h5 Be4 76. Ke3 b4 77. Ne8+ Kc6 78. Nf6 Bf5 79. Kd2 Kb5 80. Ne8 Kxa5 81. Nd6 Bh7 82. Nxf7 Ka4 83. Ne5 Ka3 84. Kc1 Ka2 85. Nc4 b3 86. h6 b2+ 87. Nxb2 d2+ 0-1

[Event "Vlissingen HZ op 17th"]
[Site "Vlissingen"]
[Date "2013.08.04"]
[Round "2"]
[White "Vedder, Richard"]
[Black "Van de Griend, Johan"]
[Result "1-0"]
[WhiteElo "2238"]
[BlackElo "1959"]
[PlyCount "93"]
[EventDate "2013.08.03"]
[EventType "swiss"]
[EventRounds "9"]
[EventCountry "NED"]
[SourceTitle "CBM 155 Extra"]
[Source "ChessBase"]
[SourceDate "2013.08.26"]
[SourceVersion "1"]
[SourceVersionDate "2013.08.26"]
[SourceQuality "1"]

1. e4 e5 2. Nf3 Nc6 3. Bc4 Nf6 4. d4 exd4 5. 0-0 Nxe4 6. Re1 d5 7. Bxd5 Qxd5 8. Nc3 Qa5 9. Nxe4 Be6 10. Neg5 0-0-0 11. Nxe6 fxe6 12. Rxe6 Bd6 13. Bg5 Rdf8 14. Bh4 Qh5 15. Bg3 Bxg3 16. hxg3 Qd5 17. Re2 g5 18. Rd2 h5 19. Nxd4 Nxd4 20. Rxd4 Qf5 21. Qd2 h4 22. g4 Qf6 23. Rd3 Qxb2 24. Re1 Qf6 25. Rf3 Qg7 26. Rb3 Qf6 27. Reb1 b6 28. Rf3 Qg7 29. Ra3 Rd8 30. Qe2 c6 31. Qa6+ Qb7 32. Qxa7 Kc7 33. Qxb7+ Kxb7 34. Rab3 b5 35. a4 Rd2 36. axb5 c5 37. Rf3 Rxc2 38. Rf7+ Kb8 39. b6 h3 40. gxh3 Ra2 41. Rb5 c4 42. Rxg5 c3 43. Kg2 c2 44. Rc5 Ra3 45. f3 Ra2 46. Kg3 Rb2 47. h4 1-0

[Event "Spijkenisse op"]
[Site "Spijkenisse"]
[Date "2010.05.16"]
[Round "6"]
[White "Van de Griend, Johan"]
[Black "Zult, Daan"]
[Result "0-1"]
[WhiteElo "1851"]
[BlackElo "2268"]
[PlyCount "66"]
[EventDate "2010.05.14"]
[EventType "swiss"]
[EventRounds "6"]
[EventCountry "NED"]
[SourceTitle "CBM 136 Extra"]
[Source "ChessBase"]
[SourceDate "2010.07.02"]
[SourceVersion "2"]
[SourceVersionDate "2010.07.15"]
[SourceQuality "1"]

1. e4 c5 2. Nf3 Nc6 3. d4 cxd4 4. Nxd4 g6 5. Nc3 Bg7 6. Be3 Nf6 7. f3 0-0 8. Bc4 Qb6 9. Bb3 Nxe4 10. Nd5 Qa5+ 11. c3 Nf6 12. Nxc6 dxc6 13. Nxe7+ Kh8 14. Nxc8 Raxc8 15. 0-0 Rcd8 16. Qc2 Nd5 17. Bxd5 Rxd5 18. a3 Rfd8 19. Rad1 Kg8 20. Rxd5 Qxd5 21. Bxa7 c5 22. Qf2 Rc8 23. Kh1 Qc6 24. b4 b6 25. bxc5 bxc5 26. Rb1 Bxc3 27. Qc2 Bd4 28. a4 Ra8 29. Rb8+ Rxb8 30. Bxb8 Qe8 31. Bg3 Qe3 32. Qb1 c4 33. Qe1 c3 0-1

[Event "Leiden LCT op 3rd"]
[Site "Leiden"]
[Date "2009.07.10"]
[Round "1"]
[White "Van de Griend, Johan"]
[Black "Padmini, Rout"]
[Result "0-1"]
[WhiteElo "1922"]
[BlackElo "2243"]
[PlyCount "76"]
[EventDate "2009.07.10"]
[EventType "swiss"]
[EventRounds "9"]
[EventCountry "NED"]
[SourceTitle "CBM 131 Extra"]
[Source "ChessBase"]
[SourceDate "2009.09.03"]
[SourceVersion "2"]
[SourceVersionDate "2009.09.16"]
[SourceQuality "1"]

1. e4 c5 2. Nf3 d6 3. d4 cxd4 4. Nxd4 Nf6 5. Nc3 a6 6. Be3 e5 7. Nb3 Be7 8. Be2 0-0 9. 0-0 Be6 10. f4 Qc7 11. f5 Bc4 12. Bxc4 Qxc4 13. Nd2 Qc6 14. Qf3 Rd8 15. Nd5 Nxd5 16. exd5 Qxc2 17. f6 Bxf6 18. Ne4 Nd7 19. Nxd6 Qg6 20. Ne4 Rac8 21. Rac1 Be7 22. Rxc8 Rxc8 23. d6 Bxd6 24. Qxf7+ Qxf7 25. Rxf7 Bc5 26. Rxd7 Bxe3+ 27. Kf1 b6 28. Nd6 Rf8+ 29. Ke2 Bd4 30. Kd3 Bxb2 31. Nc4 Bd4 32. Re7 Rf2 33. Re8+ Kf7 34. Nd6+ Kg6 35. Re6+ Kh5 36. Ne4 Rxg2 37. Ng3+ Kg5 38. Re7 Kf6 0-1